000 01021nam a22002537a 4500
005 20110802103824.0
008 090728t xxu||||| |||| 00| 0 pun d
010 _aPUN-6904
020 _c240.00
_a81876542198
035 _aPN-6022
037 _bDBAD / PUB
040 _adpl
_bpn
082 _a853.08
100 _924414
245 _aਵੀਹਵੀਂ/ ਇੱਕੀਵੀਂ ਸਦੀ ਦੇ ਸੁਰ - ਅਲਾਪ /
_cਵਨੀਤਾ ਦ੍ਵਾਰਾ ਸੰਪਾਦਿਤ
246 _aVeehveen/Ikeeveen Sadi de sur-alaap
_bed by Vanita
260 _aDelhi
_bManpreet parkashan
_c2011
270 _a16/16, geeta colony,
_bDelhi
_e110031
_k0 9312271252
300 4 _a112 ਸਫੇ
_c22ਸੇਮੀ (ਸਜਿਲੱਦ)
650 _924412
650 _924431
942 _2ddc
_cPN
_h853.08
_mਵੀਹਵੀਂ
999 _c54834
_d54834